Bank Islam dan bunga : studi kritis dan interpretasi kontemporer tentang riba dan bunga
| Main Author: | |
|---|---|
| Format: | Book |
| Published: |
Yogyakarta :
Pustaka Pelajar ,
1996
|
| Subjects: |
MARC
| LEADER | 00000cam a2200000 7i4500 | ||
|---|---|---|---|
| 001 | 0000023542 | ||
| 005 | 20080919.0 | ||
| 008 | 080919 | ||
| 020 | |a 9793237678 | ||
| 090 | 0 | 0 | |a 332.09595 |b ABD |
| 100 | 1 | |a Abdullah Saeed | |
| 245 | 1 | 0 | |a Bank Islam dan bunga : |b studi kritis dan interpretasi kontemporer tentang riba dan bunga |c Abdullah Saeed |
| 260 | |a Yogyakarta : |b Pustaka Pelajar , |c 1996 | ||
| 650 | 0 | |a Bank and banking |z religious aspects |x Islam | |
| 999 | |a 0001009910 |b Book |c REFERENCE |e Perbadanan Perpustakaan Awam Johor | ||